000 00652nam a2200229Ia 4500
003 OSt
005 20230329090705.0
008 210423s2008 xx 000 0 und d
020 _a8180522601
040 _cAL
041 _aeng
082 _a547.028
_223
_bBHUP
100 _aBHUTANI(S P);CHHIKARA (Aruna).
_979283
245 _aPractical organic chemistry: qualitative analysis.
260 _aNew Delhi
_bAne Books India
_c2008
300 _avii,253
_bPB
365 _b160
_cINR
650 _aChemistry
_979284
650 _aOrganic Chemistry
_979285
906 _aanalysis. ; chemistry: ; organic ; Practical ; qualitative
942 _2ddc
_cBK
999 _c154397
_d154397